|
|
|
|
| LEADER |
00000nab a2200000ua 4500 |
| 001 |
vtls010743118 |
| 003 |
SK-MaSNL |
| 005 |
20260304203000.0 |
| 008 |
250718s2002 xo |||||||||||||||||slo| |
| 035 |
|
|
|a (urnnbn)urn:nbn:sk:snk:ar-a019zt
|
| 035 |
|
|
|a (uuid)0c4f7c8f-5543-4aeb-9d24-11e2a6c47575
|
| 035 |
|
|
|a urn:nbn:sk:snk-ab4dyc
|
| 040 |
|
|
|a SNKBUCL
|b slo
|c SNKBUCL
|e AACR2
|
| 041 |
0 |
|
|a slo
|
| 044 |
|
|
|a xo
|c SK
|
| 100 |
1 |
|
|a Letošťák, Ľudovít,
|d 1940-
|4 aut
|9 100032
|
| 245 |
1 |
0 |
|a KOVOVÉ BROKOVÉ NÁBOJNICE I.
|c Ľudovít Letošťák
|
| 773 |
0 |
|
|t Zbrane, strelci a lovci
|g Roč. 3, č. 12 (2002), s. 56-57
|
| 850 |
|
|
|a Slovenská národná knižnica
|
| 852 |
|
|
|a Slovenská národná knižnica
|
| 954 |
|
|
|a odborná, vedecká literatúra pôvodná (slovenská)
|2 lita
|
| 958 |
|
|
|a article3
|
| 958 |
|
|
|a OND
|
| 958 |
|
|
|a EUIPO
|
| 999 |
|
|
|c 3106821
|d 3108751
|